LEADER 00555nam a2200169 i 4500 001 000000212812 003 CaOOAMICUS 005 20120430000000.0 008 120430s1866 gw u000 u ger u 013 $a191661 040 $aSeMil$bita 245 10$a3. Band. 300 $a328 p. 773 0 $aByron, George Gordon <1788-1824>$tLord Byron's Werke.$b2. Aufl.$dBerlin : G. Reimer, 1866.$g3$w()26671 850 $aSeMil 852 $aSeMil$W1$xVenegono$y1$m1W VI 3 FA$j163242$B163242$CSeMilBibl$Z2$F174355 $8I 996 $6245$a3. Band$9(OLS)http://semarc/title/15753 LEADER 00969nam a2200193 i 4500 001 000000047890 003 CaOOAMICUS 005 20120407000000.0 008 120407s1957 xx u000 u spa u 013 $a19060 040 $aSeMil$bita 245 10$aIntroduccion historica y sesiones comunes. 300 $a1247 p. 650 4$aPerfezione cristiana.$0(OLS)http://semarc/subject/2090 700 1 $aCongreso Nacional de Perfeccion y Apostolado <1956 ; Madrid>.$0(OLS)http://semarc/name/23781 773 0 $tActas del Congreso Nacional de Perfeccion y Apostolado celebrado bajo la presidencia del Emmo. Sr. Cardenal Valerio Valeri prefecto del la sda. C. de Religiosos en Madrid del 23 de septiembre al 3 de octubre de 1956.$dMadrid : Editorial Coculsa, 1957-1959.$gVol.1$w()26577 850 $aSeMil 852 $aSeMil$W1$xVenegono$y1$m2C V 140$j14045$B14045$CSeMilBibl$Z2$F14045 $81 996 $6245$aIntroduccion historica y sesiones comunes$9(OLS)http://semarc/title/72298